Review of the Fund's Involvement in the G-20 Mutual Assessment Process.

This paper responds to the Board's call for a review of the Fund's role in the G-20 Mutual Assessment Process (MAP) after about a year of implementation. The review covers the period from December 2009 to the April 2011 meeting of the G-20 Finance Ministers and Central Bank Governors in Wa...

Celý popis

Podrobná bibliografie
Korporativní autor: International Monetary Fund
Médium: Časopis
Jazyk:English
Vydáno: Washington, D.C. : International Monetary Fund, 2011.
Edice:Policy Papers; Policy Paper ; No. 2011/037
Témata:
On-line přístup:Full text available on IMF
LEADER 01824cas a2200313 a 4500
001 AALejournalIMF020403
008 230101c9999 xx r poo 0 0eng d
020 |c 5.00 USD 
020 |z 9781498338868 
022 |a 2663-3493 
040 |a BD-DhAAL  |c BD-DhAAL 
110 2 |a International Monetary Fund. 
245 1 0 |a Review of the Fund's Involvement in the G-20 Mutual Assessment Process. 
264 1 |a Washington, D.C. :  |b International Monetary Fund,  |c 2011. 
300 |a 1 online resource (13 pages) 
490 1 |a Policy Papers 
500 |a <strong>Off-Campus Access:</strong> No User ID or Password Required 
500 |a <strong>On-Campus Access:</strong> No User ID or Password Required 
506 |a Electronic access restricted to authorized BRAC University faculty, staff and students 
520 3 |a This paper responds to the Board's call for a review of the Fund's role in the G-20 Mutual Assessment Process (MAP) after about a year of implementation. The review covers the period from December 2009 to the April 2011 meeting of the G-20 Finance Ministers and Central Bank Governors in Washington. It considers the Fund's inputs against the background of the evolving MAP and discusses expectations for this work going forward. The paper does not review the G-20 MAP itself. The implications of broader G-20 Fund cooperation for the Fund's own surveillance will be discussed in the forthcoming TSR. 
538 |a Mode of access: Internet 
650 7 |a G-20 Fund  |2 imf 
650 7 |a G20 Industrial Nations  |2 imf 
650 7 |a Map  |2 imf 
650 7 |a Policy  |2 imf 
650 7 |a PP  |2 imf 
651 7 |a Korea, Republic of  |2 imf 
830 0 |a Policy Papers; Policy Paper ;  |v No. 2011/037 
856 4 0 |z Full text available on IMF  |u http://elibrary.imf.org/view/journals/007/2011/037/007.2011.issue-037-en.xml  |z IMF e-Library